000 01069nam a2200349Ia 4500
003 OSt
005 20221007122719.0
006 a|||||r|||| 00| 0
007 ta
008 221006b |||||||| |||| 00| 0 eng d
020 _a9780070151550 (pbk)
024 _a157349
037 _cTextual
040 _aPAPL
_cPAPL
_beng
041 _2eng
_aeng
082 _aC, P6-;1 Carpa
100 _aBeiser Arthur
245 0 _aConcepts of modern physics
_b Mahajan Shobhit Chaudhury S Rai
250 _a6
260 _aNew
_bDelhi Tata McGraw Hill Education
_c2006
300 _axxiii; 623p.
_ccm.
500 _aAppendix 587-606p.; References 607-608p.; Index 611-623p.
650 _a Atomic structure
_9714971
650 _a Molecules
_9711180
650 _a Quantum mechanics
650 _a Relativity
_9713529
650 _aPhysics
700 _a Chaudhury S Rai
_9714972
700 _a Mahajan Shobhit
_9714973
942 _hC, P6-;1 Carpa
_cTEXL
_2CC
999 _c1210805
_d1210805